[Event "Quebec-ch U20"]
[Site "Montreal CAN"]
[Date "2016.04.22"]
[Round "1.7"]
[White "Saha, Ananda"]
[Black "Richard, Leo"]
[Result "1-0"]
[WhiteElo "1958"]
[BlackElo "1541"]
[PlyCount "67"]
[EventDate "2016.04.22"]
[EventType "swiss"]
[EventRounds "5"]
[EventCountry "CAN"]

1. d4 d5 2. c4 e6 3. Nc3 Nf6 4. cxd5 exd5 5. Bg5 Nbd7 6. e3 c6 7. Bd3 Be7 8.
Nf3 O-O 9. Qc2 h6 10. Bh4 Re8 11. O-O b6 12. Rac1 Bb7 13. Qe2 c5 14. Ba6 Qc8
15. Bxb7 Qxb7 16. dxc5 bxc5 17. Rfd1 Rac8 18. Qd2 Rcd8 19. Nxd5 Nxd5 20. Qxd5
Qxb2 21. Bxe7 Rxe7 22. Rxc5 Rb8 23. Rc7 Nf6 24. Qc5 Rxc7 25. Qxc7 Qb1 26. Rc1
Nd5 27. Qc4 Rb4 28. Rxb1 Rxb1+ 29. Qf1 Nc3 30. Ne1 Ne4 31. f3 Nc3 32. Qf2 Nxa2
33. Qxa2 Rxe1+ 34. Kf2 1-0

[Event "Quebec-ch U20"]
[Site "Montreal CAN"]
[Date "2016.04.23"]
[Round "2.1"]
[White "Ouellet, Maili-Jade"]
[Black "Yu, Zong Yang"]
[Result "0-1"]
[WhiteElo "2004"]
[BlackElo "2391"]
[PlyCount "86"]
[EventDate "2016.04.22"]
[EventType "swiss"]
[EventRounds "5"]
[EventCountry "CAN"]

1. d4 Nf6 2. c4 g6 3. Nc3 Bg7 4. e4 d6 5. f4 O-O 6. Nf3 c5 7. d5 e6 8. Be2 exd5
9. cxd5 Bg4 10. O-O Nbd7 11. h3 Bxf3 12. Bxf3 Re8 13. a4 c4 14. Be3 Qa5 15. Qc2
Nc5 16. Bxc5 Qxc5+ 17. Kh1 a6 18. a5 Rab8 19. Rfc1 Qe3 20. Ra4 Rbc8 21. f5 g5
22. Rf1 Qf4 23. Qd1 Qh4 24. Qe1 Qxe1 25. Rxe1 Nd7 26. Rc1 Nc5 27. Rxc4 Nb3 28.
Rxc8 Rxc8 29. Rf1 Be5 30. Nd1 Nxa5 31. b4 Nb3 32. Ne3 Bd4 33. Re1 Rc3 34. Nf1
Nc1 35. Kh2 Nd3 36. Rb1 Be5+ 37. Kg1 Rc2 38. Bd1 Ra2 39. Bb3 Ra3 40. Bd1 Nf4
41. Bb3 Ne2+ 42. Kh1 Nc3 43. Rb2 Ra1 0-1

[Event "Quebec-ch U20"]
[Site "Montreal CAN"]
[Date "2016.04.23"]
[Round "2.4"]
[White "Huang, Qiuyu"]
[Black "Saha, Ananda"]
[Result "1-0"]
[WhiteElo "2058"]
[BlackElo "1958"]
[PlyCount "150"]
[EventDate "2016.04.22"]
[EventType "swiss"]
[EventRounds "5"]
[EventCountry "CAN"]

1. e4 c5 2. Nf3 e6 3. d4 cxd4 4. Nxd4 a6 5. Bd3 Bc5 6. Nb3 Ba7 7. c4 d6 8. Nc3
Ne7 9. Qe2 Nbc6 10. Be3 O-O 11. Bxa7 Rxa7 12. O-O b6 13. f4 Rd7 14. Rac1 Bb7
15. a3 Qb8 16. Rf3 Ng6 17. Qe3 Ba8 18. Rg3 Re8 19. Qf2 d5 20. cxd5 Nxf4 21.
Bxa6 exd5 22. Nxd5 Nxd5 23. exd5 Rxd5 24. Bc4 Rd7 25. Bb5 Qe5 26. a4 Re6 27.
Rgc3 h6 28. Nd2 Rf6 29. Nf3 Qe8 30. Qxb6 Rdd6 31. Qf2 Qd8 32. Qc2 Rxf3 33. Rxf3
Nd4 34. Qc8 Bxf3 35. Qxd8+ Rxd8 36. gxf3 Nxb5 37. axb5 Rb8 38. Rc5 Kf8 39. Kf2
Ke7 40. Ke3 Kd6 41. Kd4 Ke6 42. Kc4 f5 43. f4 h5 44. Rc6+ Kd7 45. Kc5 Ra8 46.
Kb6 Ra4 47. Kb7 Rxf4 48. b6 Rb4 49. Rc7+ Kd6 50. Ka7 f4 51. Rc3 Rxb2 52. h4 Kd5
53. b7 Ra2+ 54. Kb6 Rb2+ 55. Kc7 Ke4 56. b8=Q Rxb8 57. Kxb8 f3 58. Kc7 Kf4 59.
Kd6 Kg4 60. Rc4+ Kg3 61. Ke5 f2 62. Rf4 g6 63. Ke4 Kg2 64. Ke5 Kg3 65. Rf8 Kg2
66. Rf6 Kh3 67. Rxf2 Kxh4 68. Kf4 g5+ 69. Kf3 Kh3 70. Rg2 g4+ 71. Kf2 h4 72.
Kg1 g3 73. Ra2 Kg4 74. Ra4+ Kh3 75. Rb4 g2 1-0

[Event "Quebec-ch U20"]
[Site "Montreal CAN"]
[Date "2016.04.23"]
[Round "2.5"]
[White "Turgeon, Yoakim"]
[Black "Zhu, Hong Rui"]
[Result "0-1"]
[WhiteElo "1619"]
[BlackElo "2300"]
[PlyCount "72"]
[EventDate "2016.04.22"]
[EventType "swiss"]
[EventRounds "5"]
[EventCountry "CAN"]

1. d4 d5 2. e3 Bf5 3. Bd3 Bg6 4. f4 e6 5. Nf3 c5 6. c3 Nc6 7. O-O Bxd3 8. Qxd3
Nf6 9. Nbd2 Qc7 10. Ne5 Bd6 11. Qe2 O-O 12. Rf3 Nd7 13. Rg3 f6 14. Nxc6 Qxc6
15. Qg4 Rf7 16. Qxe6 cxd4 17. cxd4 f5 18. Qh6 Nf6 19. Qh4 Qc2 20. Rf3 Re8 21.
Nf1 Bb4 22. a3 Ba5 23. b4 Bb6 24. Qf2 Qb3 25. Qb2 Qd3 26. Qb1 Qc4 27. Bb2 a5
28. Qc1 Rc7 29. Qxc4 Rxc4 30. Rc1 Rxc1 31. Bxc1 axb4 32. axb4 Rc8 33. Bd2 Ne4
34. h3 h5 35. Be1 Rc1 36. Bd2 Rd1 0-1

[Event "Quebec-ch U20"]
[Site "Montreal CAN"]
[Date "2016.04.23"]
[Round "2.6"]
[White "Durette, Francis"]
[Black "Guipi Bopala, Prince Eric jr"]
[Result "1-0"]
[WhiteElo "1957"]
[BlackElo "1630"]
[PlyCount "47"]
[EventDate "2016.04.22"]
[EventType "swiss"]
[EventRounds "5"]
[EventCountry "CAN"]

1. e4 c6 2. d4 d5 3. exd5 cxd5 4. c4 dxc4 5. Bxc4 e6 6. Nf3 Nf6 7. O-O Nbd7 8.
Nc3 Be7 9. Bf4 O-O 10. Nb5 Qb6 11. Rc1 Bd8 12. Bd6 Re8 13. b4 a6 14. Bc5 Nxc5
15. dxc5 Qc6 16. Ne5 Qe4 17. Nd6 Qxe5 18. Nxe8 Nxe8 19. Qxd8 Kf8 20. Rfd1 Qb2
21. Bb3 Qa3 22. Rc4 b5 23. Rf4 Bb7 24. Qd7 1-0

[Event "Quebec-ch U20"]
[Site "Montreal CAN"]
[Date "2016.04.23"]
[Round "2.7"]
[White "Richard, Leo"]
[Black "Johnson-Constantin, Matthieu"]
[Result "0-1"]
[WhiteElo "1541"]
[BlackElo "1944"]
[PlyCount "40"]
[EventDate "2016.04.22"]
[EventType "swiss"]
[EventRounds "5"]
[EventCountry "CAN"]

1. e4 e6 2. d4 d5 3. exd5 exd5 4. Bd3 Nf6 5. c3 Bd6 6. Nf3 O-O 7. O-O Bg4 8. h3
Bh5 9. Be3 Nbd7 10. Nbd2 Re8 11. Qb3 Rb8 12. g4 Bg6 13. Bxg6 hxg6 14. g5 Ne4
15. Qxd5 Ndf6 16. Qb3 Qd7 17. gxf6 Qxh3 18. Ne5 Bxe5 19. dxe5 Qg4+ 20. Kh2 Rxe5
0-1

[Event "Quebec-ch U20"]
[Site "Montreal CAN"]
[Date "2016.04.23"]
[Round "3.3"]
[White "Zhu, Hong Rui"]
[Black "Huang, Qiuyu"]
[Result "1-0"]
[WhiteElo "2300"]
[BlackElo "2058"]
[PlyCount "57"]
[EventDate "2016.04.22"]
[EventType "swiss"]
[EventRounds "5"]
[EventCountry "CAN"]

1. e4 c5 2. Nf3 Nc6 3. d4 cxd4 4. Nxd4 g6 5. c4 Bg7 6. Nc2 d6 7. Be2 Nf6 8. Nc3
O-O 9. O-O Nd7 10. Bd2 Nc5 11. b4 Bxc3 12. Bxc3 Nxe4 13. Bb2 f5 14. a3 Nf6 15.
f4 a5 16. Kh1 Be6 17. Qe1 Qe8 18. Ne3 Qf7 19. Qc3 h6 20. Bf3 Kh7 21. b5 Nd8 22.
c5 Bd7 23. cxd6 Bxb5 24. Qe5 exd6 25. Qxb5 Ne4 26. Nd5 h5 27. Bxe4 fxe4 28.
Nf6+ Kh6 29. Qg5+ 1-0

[Event "Quebec-ch U20"]
[Site "Montreal CAN"]
[Date "2016.04.23"]
[Round "3.4"]
[White "Yao, Houji"]
[Black "Durette, Francis"]
[Result "1/2-1/2"]
[WhiteElo "2048"]
[BlackElo "1957"]
[PlyCount "188"]
[EventDate "2016.04.22"]
[EventType "swiss"]
[EventRounds "5"]
[EventCountry "CAN"]

1. e4 e5 2. Nf3 Nc6 3. Bb5 a6 4. Bxc6 dxc6 5. O-O f6 6. d4 exd4 7. Nxd4 Ne7 8.
Be3 Ng6 9. Qe2 Bd6 10. Nf5 O-O 11. Nxd6 Qxd6 12. Nd2 Qe5 13. f4 Qe7 14. Qc4+
Qf7 15. Qc3 Bd7 16. Rad1 Rfe8 17. h3 Rad8 18. Rfe1 b6 19. a4 c5 20. a5 Bb5 21.
Qa3 Rd6 22. Qa1 Kh8 23. b3 c4 24. bxc4 Bxc4 25. axb6 cxb6 26. Nxc4 Rxd1 27.
Qxd1 Qxc4 28. f5 Nf8 29. Bxb6 Rxe4 30. Rxe4 Qxe4 31. Qd3 Qe1+ 32. Qf1 Qe4 33.
c3 Qc6 34. Bd4 a5 35. Qe2 a4 36. Qe7 Kg8 37. Bc5 Qc8 38. g4 Qb8 39. Kg2 Qb2+
40. Kf1 Qb8 41. Bb4 h6 42. Ke2 Nh7 43. h4 Qa8 44. Kd3 Qb8 45. Kc4 Qc8+ 46. Kb5
Qa8 47. Ba3 Qd5+ 48. Kxa4 Qc4+ 49. Bb4 Qa2+ 50. Kb5 Qd5+ 51. Qc5 Qb7+ 52. Kc4
Qe4+ 53. Kb3 Qb1+ 54. Ka4 Qa2+ 55. Ba3 Qe2 56. Qc8+ Kf7 57. Qd7+ Kg8 58. Bb4
Qa6+ 59. Kb3 Qa8 60. c4 Qf3+ 61. Ka4 Qa8+ 62. Kb5 Qb8+ 63. Ka5 Qa8+ 64. Kb6
Qb8+ 65. Qb7 Qd8+ 66. Ka7 Qd4+ 67. c5 Nf8 68. Kb8 Nd7+ 69. Ka7 Nxc5 70. Qc8+
Kh7 71. Qxc5 Qxg4 72. Be1 Qa4+ 73. Kb6 Qb3+ 74. Kc7 Qf7+ 75. Kd8 h5 76. Bf2 Kh8
77. Be3 Kh7 78. Qd6 Qc4 79. Qd4 Qf7 80. Qe4 Qf8+ 81. Qe8 Qd6+ 82. Kc8 Qa6+ 83.
Kd8 Qd3+ 84. Kc7 Qxf5 85. Kc6 Qf3+ 86. Kc5 Qf5+ 87. Kd4 Qg4+ 88. Qe4+ Qxe4+ 89.
Kxe4 g5 90. hxg5 fxg5 91. Bxg5 Kg6 92. Kf4 h4 93. Kg4 h3 94. Kxh3 Kxg5 1/2-1/2

[Event "Quebec-ch U20"]
[Site "Montreal CAN"]
[Date "2016.04.23"]
[Round "3.5"]
[White "Grandmont, Mathias"]
[Black "Ouellet, Maili-Jade"]
[Result "0-1"]
[WhiteElo "1357"]
[BlackElo "2004"]
[PlyCount "62"]
[EventDate "2016.04.22"]
[EventType "swiss"]
[EventRounds "5"]
[EventCountry "CAN"]

1. Nf3 d5 2. d4 Nf6 3. c4 e6 4. Nc3 Be7 5. Bf4 O-O 6. e3 b6 7. Bd3 Bb7 8. O-O
c5 9. cxd5 exd5 10. Bc2 Nc6 11. a3 a6 12. Ne5 c4 13. Nxc6 Bxc6 14. Re1 b5 15.
Be5 Qb6 16. Bxf6 Bxf6 17. b4 Rfd8 18. Qd2 a5 19. Bf5 Be7 20. Ne2 Ra7 21. Qb2
Rda8 22. Nf4 axb4 23. axb4 Rxa1 24. Rxa1 Rxa1+ 25. Qxa1 g6 26. Bc2 Bxb4 27. Qb2
Bd6 28. g3 b4 29. h4 b3 30. Bd1 Qa5 31. Bxb3 Qb6 0-1

[Event "Quebec-ch U20"]
[Site "Montreal CAN"]
[Date "2016.04.23"]
[Round "3.6"]
[White "Saha, Ananda"]
[Black "Kuleshova, Julia"]
[Result "1-0"]
[WhiteElo "1958"]
[BlackElo "1550"]
[PlyCount "63"]
[EventDate "2016.04.22"]
[EventType "swiss"]
[EventRounds "5"]
[EventCountry "CAN"]

1. d4 Nf6 2. c4 g6 3. Nc3 Bg7 4. e4 d6 5. Be2 O-O 6. Bg5 Na6 7. Qd2 c5 8. d5
Nc7 9. f3 Bd7 10. h4 Rb8 11. g4 b5 12. h5 bxc4 13. hxg6 fxg6 14. Bxc4 Nb5 15.
Qh2 Rf7 16. e5 dxe5 17. d6 e6 18. Nxb5 Rxb5 19. Bxb5 Bxb5 20. Qxh7+ Nxh7 21.
Bxd8 e4 22. O-O-O exf3 23. Nxf3 Rxf3 24. d7 Rf7 25. Be7 Bxd7 26. Rxd7 Bf6 27.
Rd8+ Kg7 28. Bxf6+ Nxf6 29. Rg1 e5 30. Rc8 Nd7 31. Rc7 a6 32. g5 1-0

[Event "Quebec-ch U20"]
[Site "Montreal CAN"]
[Date "2016.04.23"]
[Round "3.7"]
[White "Johnson-Constantin, Matthieu"]
[Black "Turgeon, Yoakim"]
[Result "1-0"]
[WhiteElo "1944"]
[BlackElo "1619"]
[PlyCount "57"]
[EventDate "2016.04.22"]
[EventType "swiss"]
[EventRounds "5"]
[EventCountry "CAN"]

1. e4 e5 2. f4 Bc5 3. Nf3 d6 4. Nc3 Nc6 5. d3 Bg4 6. Be2 Nf6 7. fxe5 dxe5 8.
Bg5 h6 9. Bh4 Qd6 10. Nb5 Qd7 11. Bxf6 gxf6 12. Nh4 Bxe2 13. Qxe2 a6 14. Nc3
Nd4 15. Qd1 c6 16. Rf1 Ke7 17. Ne2 Qg4 18. g3 Qh3 19. Nxd4 Bxd4 20. Nf5+ Ke6
21. Nxd4+ exd4 22. Qf3 Qxh2 23. Qxf6+ Kd7 24. Qxd4+ Ke6 25. Qf6+ Kd7 26. Qxf7+
Kc8 27. Qe6+ Kd8 28. Qd6+ Ke8 29. O-O-O 1-0

[Event "Quebec-ch U20"]
[Site "Montreal CAN"]
[Date "2016.04.23"]
[Round "3.8"]
[White "Guipi Bopala, Prince Eric jr"]
[Black "Richard, Leo"]
[Result "1-0"]
[WhiteElo "1630"]
[BlackElo "1541"]
[PlyCount "66"]
[EventDate "2016.04.22"]
[EventType "swiss"]
[EventRounds "5"]
[EventCountry "CAN"]

1. d4 d5 2. c4 e6 3. Nc3 Nf6 4. cxd5 exd5 5. Bg5 Nbd7 6. e3 c6 7. Bd3 Be7 8.
Qc2 O-O 9. Nf3 Re8 10. O-O Nf8 11. Rac1 Ng6 12. h3 b6 13. Rfd1 Bb7 14. Bf5 Nd7
15. Bxe7 Qxe7 16. Qa4 Qd6 17. e4 Ne7 18. Bxd7 Qxd7 19. Ne5 Qd6 20. exd5 Nxd5
21. Nxd5 Qxd5 22. f3 b5 23. Qa3 f6 24. Ng4 a5 25. Rc5 Qd6 26. Qb3+ Kh8 27. Qd3
b4 28. Rh5 f5 29. Rxf5 Qg6 30. Qb1 Re2 31. Ne5 Qe8 32. Rh5 h6 33. Ng6+ Kg8 1-0

[Event "Quebec-ch U20"]
[Site "Montreal CAN"]
[Date "2016.04.24"]
[Round "4.2"]
[White "Saha, Ananda"]
[Black "Yu, Zong Yang"]
[Result "0-1"]
[WhiteElo "1958"]
[BlackElo "1291"]
[PlyCount "68"]
[EventDate "2016.04.22"]
[EventType "swiss"]
[EventRounds "5"]
[EventCountry "CAN"]

1. d4 Nf6 2. c4 g6 3. Nc3 Bg7 4. e4 d6 5. Be2 O-O 6. Bg5 Na6 7. Qd2 e5 8. d5 c6
9. f3 cxd5 10. cxd5 Bd7 11. h4 Nc5 12. Nh3 a5 13. g4 b5 14. Nf2 b4 15. Ncd1 Qb6
16. Kf1 Rfc8 17. Kg2 b3 18. a3 Na4 19. Ne3 Qd4 20. Qxd4 exd4 21. Nc4 Bb5 22.
Rac1 Nxb2 23. Nb6 Rxc1 24. Rxc1 Bxe2 25. Nxa8 Nc4 26. Nd1 h6 27. Bf4 Nd7 28.
Rxc4 Bxc4 29. Bc1 Be2 30. Nb2 d3 31. Nc4 Ne5 32. Nd2 Nxf3 33. Nxf3 Bxf3+ 34.
Kxf3 d2 0-1

[Event "Quebec-ch U20"]
[Site "Montreal CAN"]
[Date "2016.04.24"]
[Round "4.3"]
[White "Ouellet, Maili-Jade"]
[Black "Johnson-Constantin, Matthieu"]
[Result "1/2-1/2"]
[WhiteElo "2004"]
[BlackElo "1944"]
[PlyCount "114"]
[EventDate "2016.04.22"]
[EventType "swiss"]
[EventRounds "5"]
[EventCountry "CAN"]

1. d4 f5 2. c4 Nf6 3. g3 e6 4. Bg2 d5 5. Nc3 c6 6. Nh3 Be7 7. O-O Nbd7 8. Qc2
Ne4 9. Re1 Ndf6 10. Bf4 O-O 11. Rad1 h6 12. f3 Nxc3 13. bxc3 g5 14. Bc1 dxc4
15. e4 fxe4 16. fxe4 Qe8 17. e5 Nd5 18. Be4 Kg7 19. Rf1 Rxf1+ 20. Rxf1 Bd7 21.
Nf2 Qg8 22. Ng4 Rf8 23. Rxf8 Qxf8 24. h4 Be8 25. hxg5 hxg5 26. Bd2 Bh5 27. Nf2
Bf3 28. Nh3 Qh8 29. Bxf3 Qxh3 30. Be1 Qf5 31. Be4 Qg4 32. Kf2 Qh5 33. Bd2 g4
34. Qc1 Qh2+ 35. Bg2 Qh7 36. Qe1 Qf5+ 37. Kg1 Bg5 38. Qc1 Bxd2 39. Qxd2 b5 40.
Bxd5 cxd5 41. Qe2 Kg6 42. Kh2 Kh5 43. Kg1 a5 44. Qb2 Qf3 45. Qxb5 Qxg3+ 46. Kh1
Kh4 47. Qb2 Kh3 48. Qd2 Qf3+ 49. Kg1 Qg3+ 50. Kh1 Qf3+ 51. Kg1 g3 52. Qh6+ Kg4
53. Qxe6+ Kh5 54. Qe8+ Kh6 55. Qh8+ Kg6 56. Qg8+ Kh6 57. Qe6+ Kh5 1/2-1/2

[Event "Quebec-ch U20"]
[Site "Montreal CAN"]
[Date "2016.04.24"]
[Round "4.4"]
[White "Durette, Francis"]
[Black "Zhu, Hong Rui"]
[Result "0-1"]
[WhiteElo "1957"]
[BlackElo "2300"]
[PlyCount "102"]
[EventDate "2016.04.22"]
[EventType "swiss"]
[EventRounds "5"]
[EventCountry "CAN"]

1. e4 c5 2. Nf3 d6 3. d4 cxd4 4. Nxd4 Nf6 5. Nc3 g6 6. f3 Bg7 7. Be3 Nc6 8. Qd2
O-O 9. O-O-O d5 10. exd5 Nxd5 11. Nxc6 bxc6 12. Bd4 e5 13. Bc5 Be6 14. Ne4 Re8
15. Bc4 Qc7 16. c3 Red8 17. Qc2 Bh6+ 18. Kb1 Rab8 19. Ka1 Qa5 20. Bf2 Bf8 21.
Rc1 Ne3 22. Bxe3 Bxc4 23. b4 Qb5 24. a4 Qb7 25. Nc5 Qe7 26. a5 Qc7 27. Rhd1 Rd5
28. Rxd5 cxd5 29. Rb1 Qc6 30. g3 Qb5 31. Rb2 Bg7 32. Qd1 d4 33. Bd2 Be2 34. Qb3
dxc3 35. Bxc3 Bxf3 36. Rf2 Qxc5 37. Qxf7+ Kxf7 38. Rxf3+ Kg8 39. bxc5 e4 40.
Re3 Rb3 41. Rxe4 Rxc3 42. Kb1 Rxc5 43. Ra4 a6 44. h4 Bf6 45. Ka2 Rb5 46. Ra3
Kf7 47. Ra4 h5 48. Ka3 Kg7 49. g4 hxg4 50. Rxg4 Rxa5+ 51. Kb4 Rh5 0-1

[Event "Quebec-ch U20"]
[Site "Montreal CAN"]
[Date "2016.04.24"]
[Round "4.5"]
[White "Huang, Qiuyu"]
[Black "Tanaka, Tyler"]
[Result "1-0"]
[WhiteElo "2058"]
[BlackElo "1654"]
[PlyCount "97"]
[EventDate "2016.04.22"]
[EventType "swiss"]
[EventRounds "5"]
[EventCountry "CAN"]

1. e4 c5 2. Nf3 d6 3. d4 cxd4 4. Nxd4 Nf6 5. Nc3 g6 6. Be3 Bg7 7. f3 Nc6 8. Qd2
O-O 9. Bc4 Bd7 10. O-O-O Rc8 11. Bb3 Ne5 12. Kb1 Nc4 13. Bxc4 Rxc4 14. g4 Qc7
15. Nb3 Be6 16. Bh6 Rc8 17. Bxg7 Kxg7 18. h4 Rxc3 19. bxc3 Nd7 20. h5 Qxc3 21.
hxg6 Qxd2 22. Rxd2 hxg6 23. Rdh2 Kf6 24. Nd4 Ne5 25. Rf2 Rc4 26. g5+ Kxg5 27.
Nxe6+ fxe6 28. f4+ Kf6 29. fxe5+ Kxe5 30. Rg1 Kxe4 31. Re1+ Kd5 32. Rd2+ Kc5
33. Rxe6 Rg4 34. Rxe7 Kc4 35. Rc7+ Kb4 36. Rxb7+ Ka3 37. Rb3+ Ka4 38. Rxd6 a5
39. Kb2 Rc4 40. Rdb6 Rb4 41. R3xb4+ axb4 42. Rxg6 b3 43. cxb3+ Kb5 44. Kc3 Ka5
45. b4+ Kb5 46. a4+ Kxa4 47. Kc4 Ka3 48. Rg2 Ka4 49. Ra2# 1-0

[Event "Quebec-ch U20"]
[Site "Montreal CAN"]
[Date "2016.04.24"]
[Round "4.6"]
[White "Kuleshova, Julia"]
[Black "Yao, Houji"]
[Result "0-1"]
[WhiteElo "1550"]
[BlackElo "2048"]
[PlyCount "58"]
[EventDate "2016.04.22"]
[EventType "swiss"]
[EventRounds "5"]
[EventCountry "CAN"]

1. e4 c5 2. Nf3 e6 3. c3 Nf6 4. e5 Nd5 5. d4 Be7 6. Be2 a6 7. O-O b5 8. c4 bxc4
9. Bxc4 Bb7 10. Nc3 Nb6 11. Be2 O-O 12. Be3 cxd4 13. Nxd4 Nc6 14. Nxc6 Bxc6 15.
Qd4 Nd5 16. Nxd5 Bxd5 17. Bc4 Bc6 18. Qd3 f5 19. f4 Qa5 20. Bd2 Qb6+ 21. Be3
Qxb2 22. Bf2 Qb4 23. Rac1 Rab8 24. Bxa6 Qxf4 25. Rxc6 dxc6 26. Ba7 Qxe5 27.
Bxb8 Rxb8 28. Kh1 Rd8 29. Qc2 Bd6 0-1

[Event "Quebec-ch U20"]
[Site "Montreal CAN"]
[Date "2016.04.24"]
[Round "4.7"]
[White "Grandmont, Mathias"]
[Black "Guipi Bopala, Prince Eric jr"]
[Result "1/2-1/2"]
[WhiteElo "1357"]
[BlackElo "1630"]
[PlyCount "51"]
[EventDate "2016.04.22"]
[EventType "swiss"]
[EventRounds "5"]
[EventCountry "CAN"]

1. Nf3 Nf6 2. d4 g6 3. c4 Bg7 4. Nc3 O-O 5. e4 d6 6. Be2 Nbd7 7. O-O e5 8. d5
Nc5 9. Qc2 a5 10. Bg5 h6 11. Be3 Nfd7 12. Nd2 f5 13. f3 f4 14. Bf2 g5 15. g4
Qf6 16. h3 h5 17. Kg2 hxg4 18. hxg4 b6 19. Rh1 Bb7 20. Rh3 Kf7 21. Rah1 Rh8 22.
Rxh8 Rxh8 23. Rxh8 Bxh8 24. Qd1 Qh6 25. Qh1 Qxh1+ 26. Kxh1 1/2-1/2

[Event "Quebec-ch U20"]
[Site "Montreal CAN"]
[Date "2016.04.24"]
[Round "4.8"]
[White "Turgeon, Yoakim"]
[Black "Richard, Leo"]
[Result "1-0"]
[WhiteElo "1619"]
[BlackElo "1541"]
[PlyCount "63"]
[EventDate "2016.04.22"]
[EventType "swiss"]
[EventRounds "5"]
[EventCountry "CAN"]

1. d4 Nf6 2. e3 g6 3. Bd3 Bg7 4. f4 d6 5. c3 e5 6. e4 exf4 7. Bxf4 Qe7 8. Bg5
h6 9. Bxf6 Bxf6 10. Nf3 O-O 11. O-O Bg7 12. Re1 Bg4 13. Nbd2 g5 14. Qc2 Bh5 15.
e5 g4 16. exd6 Qxd6 17. Ne5 Bxe5 18. Rxe5 Bg6 19. Bxg6 fxg6 20. Qb3+ Kg7 21.
Qxb7 Nd7 22. Ne4 Qb6 23. Re7+ Rf7 24. Rxf7+ Kxf7 25. Qxa8 Qxb2 26. Rf1+ Ke7 27.
Qxa7 Qe2 28. Qa3+ Ke6 29. Nc5+ Nxc5 30. Qxc5 Qe3+ 31. Kh1 Qe2 32. Qe5+ 1-0

[Event "Quebec-ch U20"]
[Site "Montreal CAN"]
[Date "2016.04.24"]
[Round "5.3"]
[White "Johnson-Constantin, Matthieu"]
[Black "Huang, Qiuyu"]
[Result "0-1"]
[WhiteElo "1944"]
[BlackElo "2058"]
[PlyCount "34"]
[EventDate "2016.04.22"]
[EventType "swiss"]
[EventRounds "5"]
[EventCountry "CAN"]

1. d4 d5 2. c4 e6 3. Nf3 Nf6 4. Nc3 Bb4 5. Qc2 Nbd7 6. a3 Bxc3+ 7. bxc3 c5 8.
cxd5 exd5 9. e3 c4 10. g3 Qa5 11. Bb2 O-O 12. Bg2 Nb6 13. O-O g6 14. Nh4 Re8
15. Rfe1 Na4 16. f3 Nxb2 17. Qxb2 g5 0-1

[Event "Quebec-ch U20"]
[Site "Montreal CAN"]
[Date "2016.04.24"]
[Round "5.4"]
[White "Yao, Houji"]
[Black "Ouellet, Maili-Jade"]
[Result "1-0"]
[WhiteElo "2048"]
[BlackElo "2004"]
[PlyCount "89"]
[EventDate "2016.04.22"]
[EventType "swiss"]
[EventRounds "5"]
[EventCountry "CAN"]

1. e4 c5 2. Nf3 a6 3. c3 d5 4. exd5 Qxd5 5. d4 Nc6 6. Be2 cxd4 7. cxd4 Bg4 8.
Nc3 Qd6 9. O-O Nf6 10. Be3 e6 11. h3 Bh5 12. Qb3 b5 13. Rfd1 b4 14. d5 bxc3 15.
dxc6 cxb2 16. Rab1 Nd5 17. Qb7 Rd8 18. Bb6 Be7 19. Bxd8 Bxd8 20. Rxb2 O-O 21.
Qxa6 Bc7 22. g3 Qc5 23. Nd4 Bxe2 24. Nxe2 Bb6 25. Nd4 Nc3 26. Rc2 Qh5 27. Rd3
Nd5 28. Kh2 Qg6 29. Qc4 e5 30. Nf5 Qxf5 31. Qxd5 Bc7 32. Qd7 Qxd7 33. Rxd7 Rc8
34. a4 Kf8 35. Kg2 Ke8 36. Kf3 Bb6 37. Rd5 Bc7 38. a5 Ra8 39. Ke4 g6 40. g4 h6
41. Rcc5 Ra7 42. h4 f6 43. Rd7 Rxa5 44. Rxa5 Bxa5 45. Kd5 1-0

[Event "Quebec-ch U20"]
[Site "Montreal CAN"]
[Date "2016.04.24"]
[Round "5.5"]
[White "Guipi Bopala, Prince Eric jr"]
[Black "Saha, Ananda"]
[Result "0-1"]
[WhiteElo "1630"]
[BlackElo "1958"]
[PlyCount "120"]
[EventDate "2016.04.22"]
[EventType "swiss"]
[EventRounds "5"]
[EventCountry "CAN"]

1. d4 d5 2. c4 e6 3. Nc3 Nf6 4. cxd5 exd5 5. Bg5 Be7 6. e3 O-O 7. Bd3 h6 8. Bh4
b6 9. Qc2 Bb7 10. Nf3 Nbd7 11. O-O c5 12. Rfd1 c4 13. Bf5 a6 14. Rac1 b5 15. a3
Re8 16. Ne5 Qc7 17. Nxd7 Nxd7 18. Bxe7 Rxe7 19. Bxd7 Qxd7 20. Re1 a5 21. b4 Bc6
22. Qb2 Qd6 23. Ra1 Rea7 24. Ra2 axb4 25. axb4 Rxa2 26. Nxa2 Qb8 27. Nc3 Qa7
28. f3 Qa3 29. Rb1 Qxb2 30. Rxb2 Ra3 31. Rc2 Rb3 32. Na2 Rxe3 33. Rc3 Re1+ 34.
Kf2 Rd1 35. Ke3 Re1+ 36. Kf2 Rb1 37. Rc2 Rb3 38. Rd2 Bd7 39. g4 f6 40. h4 Be8
41. f4 Bd7 42. f5 h5 43. gxh5 Bxf5 44. Re2 Bg4 45. Re3 Rb2+ 46. Kg3 Rxa2 47.
Kxg4 Rd2 48. Kf5 Rxd4 49. Kg6 Rg4+ 50. Kf5 Rxh4 51. Kg6 Rg4+ 52. Kf5 Rg5+ 53.
Kf4 Rxh5 54. Re8+ Kf7 55. Rb8 d4 56. Rb7+ Kg6 57. Rd7 d3 58. Ke3 Re5+ 59. Kd2
Re2+ 60. Kd1 Rb2 0-1

[Event "Quebec-ch U20"]
[Site "Montreal CAN"]
[Date "2016.04.24"]
[Round "5.6"]
[White "Durette, Francis"]
[Black "Grandmont, Mathias"]
[Result "1-0"]
[WhiteElo "1957"]
[BlackElo "1357"]
[PlyCount "67"]
[EventDate "2016.04.22"]
[EventType "swiss"]
[EventRounds "5"]
[EventCountry "CAN"]

1. e4 c5 2. Nf3 d6 3. d4 cxd4 4. Nxd4 Nf6 5. Nc3 a6 6. f3 e5 7. Nb3 Be7 8. Be3
b5 9. Nd5 Nbd7 10. Nxe7 Qxe7 11. Qd2 O-O 12. O-O-O Ne8 13. g4 Nb8 14. h4 Nc6
15. h5 Be6 16. g5 g6 17. Bh3 Kg7 18. hxg6 fxg6 19. Bxe6 Qxe6 20. Rh6 Rh8 21.
Rdh1 Rc8 22. Kb1 Rc7 23. a3 Rd7 24. Bb6 Qf7 25. Na5 Nb8 26. Qc3 Re7 27. Bd8 Re6
28. Qc8 Nd7 29. Qxa6 Nc5 30. Qxb5 Qxf3 31. Rf1 Qxe4 32. Qb8 Nf6 33. Bxf6+ Rxf6
34. Qc7+ 1-0

[Event "Quebec-ch U20"]
[Site "Montreal CAN"]
[Date "2016.04.24"]
[Round "5.7"]
[White "Tanaka, Tyler"]
[Black "Turgeon, Yoakim"]
[Result "1-0"]
[WhiteElo "1654"]
[BlackElo "1619"]
[PlyCount "73"]
[EventDate "2016.04.22"]
[EventType "swiss"]
[EventRounds "5"]
[EventCountry "CAN"]

1. e4 e5 2. Nf3 Nc6 3. Bb5 a6 4. Ba4 Nf6 5. O-O b5 6. Bb3 Be7 7. Re1 O-O 8. h3
d6 9. c3 Be6 10. Bc2 Re8 11. d4 exd4 12. cxd4 d5 13. e5 Nd7 14. Nc3 f6 15. Bf4
Bb4 16. Qd3 g6 17. Rad1 Na5 18. exf6 Nxf6 19. Ng5 Bf5 20. Qd2 Nc4 21. Qc1 Bxc3
22. bxc3 Bxc2 23. Qxc2 Qd7 24. Be5 Qd8 25. f4 Nd7 26. h4 Ndxe5 27. dxe5 c6 28.
h5 Qb6+ 29. Rd4 c5 30. Rxd5 h6 31. Ne4 Na3 32. Qf2 Re6 33. Nf6+ Kg7 34. Rd7+
Kf8 35. hxg6 Re7 36. Rxe7 Kxe7 37. Nd5+ 1-0

[Event "Quebec-ch U20"]
[Site "Montreal CAN"]
[Date "2016.04.24"]
[Round "5.8"]
[White "Richard, Leo"]
[Black "Kuleshova, Julia"]
[Result "1-0"]
[WhiteElo "1541"]
[BlackElo "1550"]
[PlyCount "51"]
[EventDate "2016.04.22"]
[EventType "swiss"]
[EventRounds "5"]
[EventCountry "CAN"]

1. e4 c5 2. Nf3 d6 3. d4 cxd4 4. Nxd4 Nf6 5. Nc3 a6 6. Be2 e6 7. Be3 Be7 8. O-O
O-O 9. Kh1 Nc6 10. f4 Nxd4 11. Bxd4 b5 12. a3 Bb7 13. Bf3 Qd7 14. Bxf6 Bxf6 15.
e5 Bxf3 16. Rxf3 Be7 17. exd6 Bxd6 18. Ne4 Rfd8 19. Rd3 Qc7 20. Rxd6 Rxd6 21.
Qxd6 Qxc2 22. Qd4 h6 23. Re1 Qc7 24. Nc3 Rd8 25. Qf2 Rb8 26. f5 1-0